000
00189 a2200097 4500
001
4564
100
_a
Obert
245
_a
Thermodynamics
260
_a
_b
Mcgrawhill
_c
090
_c
3760
_d
3760
942
_a
NUST-CAE
_c
M
_c
30001
999
_c
239637
_d
239637